Adivina Radios Argentinas - Estadísticas

Estadísticas generales
  • Esta prueba ha sido intentada 27 veces
  • La puntuación promedio es 12 de 20
Estadísticas de respuestas
Imagen Respuesta % Correcto
Mitre
95%
Radio Con Vos
86%
Rock & Pop
86%
Vorterix
81%
La 100
76%
Urbana Play
76%
La red
71%
Cadena 3
67%
Pop
67%
La Popu
62%
Radio Rivadavia
62%
Mega
57%
Radio 10
52%
Vale
52%
FutuRock
48%
Los 40
48%
Radio Continental
48%
Radio Nacional
43%
Aspen
29%
Del Plata
24%
No se encontraron pruebas coincidentes
Distribución de puntuación
Porcentaje de gente con cada puntuación
Porcentaje por número respondido
Historial de tus puntuaciones
No has intentado esta prueba.